Vybrané problémy merania marketingovej výkonnosti

Vybrané problémy merania výkonnosti marketingu podniku. Potreba merania výkonnosti marketingu vo väzbe na výkonnosť podniku, naznačuje viaceré prístupy v oblasti hodnotenia výkonnosti marketingu. Najčastejšie používané ukazovatele a meradlá v podnikovej praxi.

Gespeichert in:
Bibliographische Detailangaben
1. Verfasser: Grančičová, Katarína, 1967-
Format: Buchkapitel
Sprache:Slowakisch
Schlagworte:
Tags: Tag hinzufügen
Keine Tags, Fügen Sie das erste Tag hinzu!

MARC

LEADER 00000nla a2200000 4500
001 0228286
005 20240522140046.6
041 0 |a slo 
044 |a SK 
245 1 0 |a Vybrané problémy merania marketingovej výkonnosti  |c Katarína Grančičová 
520 |a Vybrané problémy merania výkonnosti marketingu podniku. Potreba merania výkonnosti marketingu vo väzbe na výkonnosť podniku, naznačuje viaceré prístupy v oblasti hodnotenia výkonnosti marketingu. Najčastejšie používané ukazovatele a meradlá v podnikovej praxi. 
610 2 0 |a marketing 
610 2 0 |a meranie výkonnosti 
610 2 0 |a procesy podnikové 
610 2 0 |a metódy organizácie 
610 2 0 |a ukazovatele hodnotové 
610 2 0 |a riadenie výkonov 
610 2 0 |a projekty 
100 1 |a Grančičová, Katarína, 1967-